Подробности
| 000 -МАРКЕР |
| контрольное поле |
03195nam0a2200409 4500 |
| 001 - ИДЕНТИФИКАТОР ЗАПИСИ |
| контрольное поле |
RU\NLR\BIBL_A\016364808 |
| 005 - ИДЕНТИФИКАТОР ВЕРСИИ |
| контрольное поле |
20230727130153.0 |
| 010 ## - МЕЖДУНАРОДНЫЙ СТАНДАРТНЫЙ НОМЕР КНИГИ (ISBN) |
| Номер (ISBN) |
978-5-209-11704-9 |
| Тираж |
100 |
| 021 ## - НОМЕР ГОСУДАРСТВЕННОЙ РЕГИСТРАЦИИ |
| Код страны |
Российская Федерация |
| Номер |
КН-П-23-021762 |
| Номер Листа государственной регистраци |
КН-П-23-2162 |
| 035 ## - ДРУГИЕ СИСТЕМНЫЕ НОМЕРА |
| Идентификатор записи |
(NLR Aleph) 016364808 |
| 035 ## - ДРУГИЕ СИСТЕМНЫЕ НОМЕРА |
| Идентификатор записи |
(RuMoRGB)011706598 |
| 100 ## - ДАННЫЕ ОБЩЕЙ ОБРАБОТКИ |
| Данные общей обработки |
20230510d2022 k y0rusy50 ca |
| 101 0# - ЯЗЫК РЕСУРСА |
| Язык текста, звукозаписи и т.д. |
русский |
| -- |
английский |
| 102 ## - СТРАНА ПУБЛИКАЦИИ ИЛИ ПРОИЗВОДСТВА |
| Страна публикации |
Российская Федерация |
| 105 ## - ПОЛЕ КОДИРОВАННЫХ ДАННЫХ: ТЕКСТОВЫЕ МАТЕРИАЛЫ, МОНОГРАФИЧЕСКИЕ |
| Кодированные данные о монографическом текстовом документе |
a z 100zy |
| 181 #0 - ПОЛЕ КОДИРОВАННЫХ ДАННЫХ: ВИД СОДЕРЖАНИЯ |
| Код вида содержания (ISBD) |
i |
| Код характеристики содержания (ISBD) |
axxe |
| 182 #0 - ПОЛЕ КОДИРОВАННЫХ ДАННЫХ: ТИП СРЕДСТВА |
| Код типа средства (ISBD) |
n - непосредственное |
| 200 1# - ЗАГЛАВИЕ И СВЕДЕНИЯ ОБ ОТВЕТСТВЕННОСТИ |
| Основное заглавие |
Средства массовой коммуникации в многополярном мире: проблемы и перспективы |
| Сведения, относящиеся к заглавию |
материалы XIII всероссийской научно-практической конференции, Москва, РУДН, 10 ноября 2022 г. |
| Первые сведения об ответственности |
Федеральное государственное автономное образовательное учреждение высшего образования "Российский университет дружбы народов", Филологический факультет, Кафедра массовых коммуникаций |
| Последующие сведения об ответственности |
под редакцией доктора филологических наук, профессора Г. Н. Трофимовой |
| 203 ## - ВИД СОДЕРЖАНИЯ И ТИП СРЕДСТВА |
| Вид содержания |
Текст |
| Дополнительные сведения об издании |
визуальный |
| Тип средства |
непосредственный |
| 210 ## - ПУБЛИКАЦИЯ, РАСПРОСТРАНЕНИЕ И ДР. |
| Место издания, распространения и т.д. |
Москва |
| Имя издателя, распространителя и т. д. |
РУДН |
| Дата издания, распространения и т.д. |
2022 |
| 215 ## - ФИЗИЧЕСКАЯ ХАРАКТЕРИСТИКА |
| Специфическое обозначение материала и объем |
281 с. |
| Другие сведения о физической характеристике |
табл. |
| Размеры |
20 |
| 300 ## - ОБЩИЕ ПРИМЕЧАНИЯ |
| Текст примечания |
Часть текста англ. |
| 320 ## - ПРИМЕЧАНИЯ О НАЛИЧИИ В ДОКУМЕНТЕ БИБЛИОГРАФИИ / УКАЗАТЕЛЯ |
| Текст примечания |
Библиогр. в конце ст. |
| 327 1# - ПРИМЕЧАНИЯ О СОДЕРЖАНИИ |
| Текст примечания |
В кн. включены материалы I Всерос. студенч. науч.-практ. конф. "Многополярный мир в зеркале современной молодёжной медиакоммуникации" |
| 606 1# - НАИМЕНОВАНИЕ ТЕМЫ КАК ПРЕДМЕТ |
| Наименование темы |
Средства массовой информации |
| Формальный подзаголовок |
Съезды, совещания и т.п |
| Системный номер авторитетной/нормативной записи |
2114705 |
| Идентификатор авторитетной/нормативной записи |
RU\NLR\AUTH\661277644 |
| 686 1# - ИНДЕКСЫ ДРУГИХ КЛАССИФИКАЦИЙ |
| Индекс |
Ч600.0я431 |
| 686 1# - ИНДЕКСЫ ДРУГИХ КЛАССИФИКАЦИЙ |
| Индекс |
С550.57я431 |
| 702 #1 - ИМЯ ЛИЦА - ВТОРИЧНАЯ ОТВЕТСТВЕННОСТЬ |
| Начальный элемент ввода |
Трофимова |
| Часть имени, кроме начального элемента ввода |
Г. Н. |
| Расширение инициалов личного имени |
Галина Николаевна |
| Код отношения |
Редактор |
| 711 12 - НАИМЕНОВАНИЕ ОРГАНИЗАЦИИ - АЛЬТЕРНАТИВНАЯ ОТВЕТСТВЕННОСТЬ |
| Начальный элемент ввода |
"Средства массовой коммуникации в многополярном мире: проблемы и перспективы", всероссийская научно-практическая конференция |
| Порядковый номер временной организации и / или порядковый номер ее части |
12 |
| Место проведения временной организации |
Москва |
| Дата проведения временной организации |
2021 |
| Системный номер авторитетной/нормативной записи |
799436 |
| Идентификатор авторитетной/нормативной записи |
RU\NLR\AUTH\880566260 |
| 711 12 - НАИМЕНОВАНИЕ ОРГАНИЗАЦИИ - АЛЬТЕРНАТИВНАЯ ОТВЕТСТВЕННОСТЬ |
| Начальный элемент ввода |
"Многополярный мир в зеркале современной молодёжной медиакоммуникации", всероссийская студенческая научно-практическая конференция |
| Порядковый номер временной организации и / или порядковый номер ее части |
1 |
| Место проведения временной организации |
Москва |
| Дата проведения временной организации |
2022 |
| Системный номер авторитетной/нормативной записи |
848245 |
| Идентификатор авторитетной/нормативной записи |
RU\NLR\AUTH\880591351 |
| 712 02 - НАИМЕНОВАНИЕ ОРГАНИЗАЦИИ - ВТОРИЧНАЯ ОТВЕТСТВЕННОСТЬ |
| Код отношения |
Организатор конференции |
| Начальный элемент ввода |
Российский университет дружбы народов |
| Структурное подразделение |
Кафедра массовых коммуникаций |
| Системный номер авторитетной/нормативной записи |
868308 |
| Идентификатор авторитетной/нормативной записи |
RU\NLR\AUTH\8810187410 |
| 942 ## - ДОПОЛНИТЕЛЬНЫЕ ЭЛЕМЕНТЫ ЗАПИСИ (АБИС) |
| Тип экземпляра АБИС |
Книга |
| 980 ## - КОЛЛЕКЦИЯ |
| Название коллекции |
Национальная библиография |